000 00546nam a2200205 a 4500
001 83373
003 BD-RjUL
005 20240318104655.0
008 160725s1961 enk 000 0 eng d
035 _a(BD-RjUL)83373
040 _aHAI
_beng
_cBD-RjUL
041 0 _aeng
082 _223
_a823.91
_bTOP 1961
100 1 _aToynbee, Philip,
_d1916-
_912373
245 1 0 _aPantaloon or the valediction /
_cPhilip Toynbee.
260 _aLondon :
_bChatto & Windus,
_c1961
300 _a348 p. ;
_c21 cm.
650 _aEnglish Fiction
942 _2ddc
_cBK
999 _c83373
_d83373